000 00706nam a2200301Ia 4500
005 20260401122426.0
008 008 250103s9999 xx 000 0 eng d
020 _a9788190891868
037 _aTB
040 _aEDL
040 _beng
040 _cEDL
041 _2eng
041 _aeng
084 _a954.14 SEN
084 _qEDL
100 _aSen, Amiya P.
_91233215
245 0 _aExplorations in modern Bengal c.1800-1900 : Essays on religion, history and culture
245 0 _cSen, Amiya P.
260 _aDelhi
260 _bPrimus Books
260 _c2010
300 _a256p
942 _cTB
942 _h954.14 SEN
999 _c1847197
_d1847197